LDR 00727nam a2200205 i 4500 001 000000103136 003 CaOOAMICUS 005 20260408095152.0 008 010917s2000 it u000 u ita u 020 $a88-02-05412-6 040 $aSeMil$bita 245 10$a20: Squi-Tog. 300 $a1110 p. 773 0 $aBattaglia, Salvatore <1904-1971>$tGrande dizionario della lingua italiana.$dTorino : UTET, 1961-2009.$g20$w()6614 850 $aSeMil 852 $aSeMil$W1$xVenegono$y1$mSL1.A V 20$j269849$B59597$CSeMilBibl$Z2$F44079 $8I 961 $aSottoscrizione: UTET (Agente) 996 $6020$a88-02-05412-6$9(OLS)http://semarc/number/82886 996 $6245$a20: Squi-Tog$9(OLS)http://semarc/title/149889